Football Domestic Cup Champions - Top 5 Divisions - Statistics

General Stats
  • This quiz has been taken 73 times
    42 since last reset
  • The average score is 31 of 43
Answer Stats
Answer % Correct
Arsenal
100%
Barcelona
100%
Bayern Munich
100%
Borussia Dortmund
100%
Chelsea
100%
Manchester United
100%
Real Madrid
100%
Atlético Madrid
97%
Juventus
97%
Manchester City
97%
Paris St. Germain
97%
Liverpool
95%
Lyon
95%
Valencia
95%
AC Milan
92%
Roma
92%
Inter Milan
89%
Napoli
89%
Lazio
86%
Sevilla
84%
Lille
81%
Schalke
81%
Wigan Athletic
76%
Nantes
68%
Werder Bremen
68%
Deportivo La Coruña
65%
Real Betis
65%
Portsmouth
62%
Wolfsburg
62%
Fiorentina
59%
Bordeaux
57%
Eintracht Frankfurt
54%
Parma
54%
Real Zaragoza
51%
Rennes
51%
Auxerre
43%
Espanyol
43%
Strasbourg
43%
Real Mallorca
41%
Nürnberg
24%
Guingamp
22%
Sochaux
19%
Lorient
14%
No matching quizzes found
Score Distribution
Percent of People with Each Score
Percentile by Number Answered
Your Score History
You have not taken this quiz since the last reset